Hacerlo bien y hacer el bien /
-д хадгалсан:
| Үндсэн зохиолч: | |
|---|---|
| Бусад зохиолчид: | |
| Формат: | Ном |
| Хэл сонгох: | испани |
| Хэвлэсэн: |
México :
LID : IPADE, Centro de Investigación en Iniciativa Empresarial,
2017, c2017
|
| Цуврал: | (Acción Empresarial)
|
| Нөхцлүүд: | |
| Шошгууд: |
Шошго байхгүй, Энэхүү баримтыг шошголох эхний хүн болох!
|
MARC
| LEADER | 00000nam^a2200000^a^4500 | ||
|---|---|---|---|
| 001 | 000399278 | ||
| 005 | 20250521000000.0 | ||
| 009 | 20260310121547.963 | ||
| 020 | |a 978-607-9380-62-5 | ||
| 037 | |a Acervo ITESO - Biblioteca | ||
| 041 | |a ESP | ||
| 082 | |a 658. 11 |b DAV | ||
| 100 | |a Dávila Castilla, José Antonio |e (coordinación) | ||
| 245 | 1 | 0 | |a Hacerlo bien y hacer el bien / |c Coord. de J.A. Dávila Castilla ; presen. de R. Gómez Nava ; pról. de Francisco Alvarez del Campo. |
| 264 | 4 | |a México : |b LID : |b IPADE, Centro de Investigación en Iniciativa Empresarial, |c 2017, c2017 | |
| 300 | |a 406 p. | ||
| 336 | |a texto |b txt |2 rdacontenido | ||
| 337 | |a sin mediación |b n |2 rdamedio | ||
| 338 | |a volumen |b nc |2 rdasoporte | ||
| 440 | 1 | |a (Acción Empresarial) | |
| 521 | |a FIL 2017 EEnlace Departamento de Economía, Administración y Mercadología | ||
| 649 | |a XX | ||
| 650 | |a Emprendedores (Empresarios) - |x Tema Principal | ||
| 650 | |a Empresas - |x Administración | ||
| 650 | |a Empresa y Gobierno | ||
| 650 | |a Empresa y Sociedad | ||
| 650 | |a Confianza | ||
| 650 | |a Igualdad y Desigualdad | ||
| 650 | |a Competitividad - |x Tema Principal | ||
| 650 | |a Alianzas Estratégicas y Clusters | ||
| 650 | |a Innovación Administrativa | ||
| 650 | |a Proceso Administrativo - |x Dirección | ||
| 650 | |a Administración Financiera | ||
| 650 | |a Ciencias Administrativas | ||
| 700 | |a Gómez Nava, Rafael |e (presentación) | ||
| 910 | |a Fondo General | ||
| 920 | |a Impresos - Libros | ||
| 930 | |a Colección General | ||
| 905 | |a 101 | ||
| 901 | |a 0500294364 |b IT1 |c ACC |i c157743 |u 20250521 | ||
| 902 | |a https://opac.biblio.iteso.mx/vufind/Record/000399278 | ||